Taylor Swift - Devine la chanson sans indices #66 - Statistiques

Statistiques générales
  • Ce quiz a été pris 203 fois
  • Le résultat moyen est 164 sur 256
Statistiques - réponses
Réponse % Correct
I
99%
a
95%
A
95%
(ah
95%
ah)
95%
Oo
95%
Ooh
95%
Ooh,
95%
ooh,
95%
ooh
95%
woo
95%
ya
95%
you
95%
You
95%
be
91%
me?
89%
me
89%
the
88%
The
88%
we
88%
your
88%
Do
86%
To
84%
to
84%
in
83%
When
83%
and
82%
And
82%
it
82%
my
82%
who
82%
on
81%
were
80%
you're
78%
is
77%
was
77%
that
75%
It's
74%
it's
74%
of
74%
think
74%
This
74%
for
73%
For
73%
go
72%
ever
71%
but
69%
But
69%
They
69%
are
68%
know
68%
know,
68%
like
68%
too
68%
if
66%
about
65%
don't
64%
I'll
63%
all
62%
never
61%
you'll
60%
her
57%
as
55%
off
55%
I'd
54%
see
54%
back
51%
got
51%
up
51%
with
51%
Just
49%
well
49%
Well
49%
Hey
48%
late
48%
always
47%
come
47%
from
47%
stop
47%
Down
45%
now
45%
Dorothea
43%
eyes
43%
wanna
38%
way
38%
make
37%
still
36%
only
35%
friends
32%
place
32%
same
32%
known
30%
nothing
30%
tired
30%
town
29%
being
28%
left
28%
mom
28%
younger
28%
dreams
27%
side
27%
stars
27%
park
25%
queen
24%
anything
23%
brighter
23%
magazines
23%
guess
22%
Shined
22%
since
22%
buy
21%
under
21%
Honey,
20%
making
20%
misery
20%
Selling
20%
shiny
20%
wishes
20%
show
19%
damn,
18%
met
18%
piss
18%
screen's
18%
tiny
18%
Tupelo
16%
bleachers?
14%
prom
14%
soul
14%
pageant
13%
schemes
12%
calmer
10%
Skipping
10%
lark
9%
Aucun quiz correspondant
Distribution des résultats
% des personnes avec chaque résultat
Percentile par nombre de réponses
Votre historique - résultats
Vous n’avez pas pris ce quiz